000 00336nam a22001577a 4500
003 SGT
020 _a9789352701544
082 _a150
_bP18S
100 _aSREEVANI, R.
245 _aPSYCKOLOGY FOR NURSING
250 _a3RD
260 _aINDIA
_bJAYPEE PUB
_c2018
300 _a254
650 _aPSYCHOLOGY
942 _2ddc
_cBK
_0224
999 _c21903
_d21903